01145nam a2200433 a 450000100080000000500110000800800410001910000180006024500250007825000240010326000550012730000110018249000290019365300220022265300120024465300220025665300160027865300110029465300200030565300140032570000230033970000210036270000210038370000200040470000240042470000220044870000170047070000230048770000150051070000240052570000180054970000160056770000230058370000230060670000180062970000250064770000170067270000220068910660262009-09-08 2009 bl uuuu u0uu1 u #d1 aFARIA, A.R.N. aA cultura do mam??o. a3. ed. rev. e ampl. aBras??lia: Embrapa Informa????o Tecnol??gicac2009 a119 p. a(Cole????o Plantar, 65). aComercializa????o aCultura aDoen??a de Planta aIrriga????o aMam??o aPraga de Planta aVariedade1 aNORONHA, A.C.da.S.1 aOLIVEIRA, A.A.R.1 aOLIVEIRA, A.M.G.1 aCARDOSO, C.E.L.1 aRITZINGER, C.L.S.P.1 aOLIVEIRA, E.J.de.1 aCOELHO, E.F.1 aSANTOS FILHO, H.P.1 aCRUZ, J.L.1 aOLIVEIRA, J.R.P.de.1 aDANTAS,J.L.L.1 aSOUZA, L.D.1 aOLIVEIRA, M. de A.1 aCOELHO FILHO, M.A.1 aSANCHES, N.F.1 aMEISSNER FILHO, P.E.1 aMEDINA, V.M.1 aCOROLEIRO, Z.J.M.